000 01196nam a2200289 a 4500
003 AM-YEHGA
005 20250617164809.0
008 240219s1962 ru a||||r|||||001|0|rus||
040 _aAM-YeHGA
041 0 _arus
245 0 0 _aГидравлический и пневматический транспорт на горных предприятиях /
_cА.О. Спиваковский, В.С. Мучник, А.П. Юфин и др.
260 _aМосква :
_bГосгортехиздат,
_c1962.
300 _a251 с. :
_bил. ;
_c22 см.
504 _aБиблиогр.: с. 244-248
650 1 4 _aТехнические науки
650 1 4 _aГорное дело
650 1 4 _aРудничный (шахтный) транспорт
650 1 4 _aТранспорт на поверхности
653 0 _aРудничный транспорт, гидравлический
653 0 _aРудничный транспорт, пневматический
700 1 _aСпиваковский, Александр Онисимович
700 1 _aМучник, В.С.
700 1 _aЮфин, А.П.
942 _2udc
_cBK
001 1942701
090 _c568151
999 _c529668
_d529668